00630 2200205 4500001002100000005001500021035002000036245004000056100001700096250001200113300003000125700012000155260003400275082001000309084001600319020001800335008003900353990001600392990001600408INLIS00000000000204720191104075122 a0010-11190000011 aSabtu Bersama Bapak /cAditya Mulya0 aAditya Mulya aCet1.-- ax + 278 hlm ;c13 x 19 cm0 aPenyunting Resita Wahyu ; Proofreader Yuke Ratna ; Desainer Sampul Jeffri Fernando ; Penata Letak Landi A. Handwiko aJakarta :bGagasMedia,c2014. a808.3 a808.3 ADI s a979-780-721-5191104 | | |  a00000001774 a00000001774